000 00949nam a2200289 a 4500
003 CO-ViMGA
005 20230915232211.0
008 120411s2012 ck ab gr 00010dspa d
020 _a9789588617169
040 _aCO-ViMGA
_bspa
_cCO-ViMGA
041 1 _heng
043 _an-us---
082 0 4 _a813.5
_bM17c8
_219
100 1 _aMartin, George R. R.,
_d1948-
_92404
245 0 0 _aChoque de reyes /
_cGeorge R.R. Martin ; traducción Cristina Macía, Adela Ibáñez.
260 _aBarcelona :
_bPlaza & Janés,
_c2012.
300 _a927 p. ;
_c23 cm.
490 1 _aCanción de hielo y fuego ;
_v2
534 _pTítulo original :
_tA clash of kings.
650 1 4 _aNovela estadounidense.
_92233
650 1 4 _aHistorias de aventuras.
_9837
650 1 4 _aNovela fantástica.
_91292
650 1 4 _aReyes y soberanos
_v Novela.
_92410
700 1 _aIbáñez, Adela,
_etr.
_92417
700 1 _aMacía, Cristina,
_etr.
_92416
942 _2ddc
_cBK
999 _c33792
_d33792